000 00331nam a2200145Ia 4500
008 230917s9999||||xx |||||||||||||| ||und||
040 _e46664
_aMAIN
041 _aEnglish
082 _a410 S38B
100 _aSrivastava, R N
245 0 _aBi multilinqualism
260 _aDelhi
_bKalinga
_c1994
300 _a325 p.
942 _cBK
999 _c84163
_d84163